[Event "Medellin IRT de Segunda Antioquia"]
[Site "Medellin"]
[Date "2019.05.26"]
[Round "6"]
[White "Cordoba Rodriguez, Milton Dennis"]
[Black "Romero Valencia, Miguel Angel"]
[Result "1-0"]
[WhiteElo "1905"]
[BlackElo "1633"]
[PlyCount "42"]
[EventDate "2019.05.22"]
[EventType "swiss"]
[EventRounds "7"]
[EventCountry "COL"]
[SourceTitle "EXT 2024"]
[Source "ChessBase"]
[SourceDate "2023.10.10"]
[SourceVersion "1"]
[SourceVersionDate "2023.10.10"]
[SourceQuality "1"]

1. e4 c6 2. d4 d5 3. exd5 cxd5 4. Bd3 Nc6 5. c3 g6 6. Nf3 Qc7 7. 0-0 Bg7 8. Bg5 Nf6 9. Qb3 Na5 10. Qa4+ Bd7 11. Bb5 Nc6 12. Qb3 a6 13. Bd3 e6 14. Nbd2 0-0 15. Rae1 b5 16. a3 Na5 17. Qc2 Rac8 18. Ne5 Nc4 19. Nb3 Nh5 20. Nf3 e5 21. dxe5 Nxe5 1-0

[Event "Pan American Amateur-ch"]
[Site "San Andres Islas"]
[Date "2014.08.30"]
[Round "8"]
[White "Cordoba Rodriguez, Milton Dennis"]
[Black "Ossa, Vladimir"]
[Result "1/2-1/2"]
[WhiteElo "1890"]
[BlackElo "1935"]
[PlyCount "96"]
[EventDate "2014.08.26"]
[EventType "swiss"]
[EventRounds "9"]
[EventCountry "COL"]
[SourceTitle "EXT 2016"]
[Source "ChessBase"]
[SourceDate "2015.10.08"]
[SourceVersion "1"]
[SourceVersionDate "2015.10.08"]
[SourceQuality "1"]

1. e4 e5 2. Nf3 Nc6 3. Bb5 a6 4. Ba4 Nf6 5. d3 b5 6. Bb3 Bc5 7. 0-0 h6 8. Nc3 d6 9. Nd5 Bg4 10. c3 g5 11. Be3 Bxe3 12. Nxf6+ Qxf6 13. fxe3 Ne7 14. a4 0-0 15. Qc2 Qg6 16. Rf2 Be6 17. Raf1 bxa4 18. Bxe6 Qxe6 19. Qxa4 f5 20. exf5 Nxf5 21. Qg4 Qg6 22. Nxe5 dxe5 23. Rxf5 Rxf5 24. Rxf5 Re8 25. Qe4 Qe6 26. Kf2 Rf8 27. Rxf8+ Kxf8 28. c4 Kg7 29. b3 Kf6 30. Qh7 Qf5+ 31. Qxf5+ Kxf5 32. Kf3 g4+ 33. Kg3 c5 34. Kh4 a5 35. g3 e4 36. dxe4+ Kxe4 37. Kxg4 Kxe3 38. Kh5 Kd3 39. Kxh6 Kc3 40. g4 Kxb3 41. g5 a4 42. g6 a3 43. g7 a2 44. g8Q a1Q 45. h4 Qf6+ 46. Kh5 Qf5+ 47. Kh6 Qf6+ 48. Kh5 Qf5+ 1/2-1/2

[Event "Medellin Easter op"]
[Site "Medellin"]
[Date "2010.04.04"]
[Round "8"]
[White "Lopez Idarraga, Daniel Eduardo"]
[Black "Cordoba Rodriguez, Milton Dennis"]
[Result "1/2-1/2"]
[WhiteElo "1992"]
[BlackElo "2044"]
[PlyCount "103"]
[EventDate "2010.03.31"]
[EventType "swiss"]
[EventRounds "9"]
[EventCountry "COL"]
[SourceTitle "CBM 135 Extra"]
[Source "ChessBase"]
[SourceDate "2010.05.04"]
[SourceVersion "1"]
[SourceVersionDate "2010.05.04"]
[SourceQuality "1"]

1. e4 e6 2. d4 d5 3. Nc3 Nf6 4. Bg5 Be7 5. e5 Nfd7 6. Bxe7 Qxe7 7. f4 a6 8. Nf3 c5 9. Bd3 cxd4 10. Nxd4 Qb4 11. Nde2 Qxb2 12. 0-0 Nc6 13. Kh1 f5 14. exf6 Nxf6 15. a4 Qb4 16. Qe1 0-0 17. Qh4 Rb8 18. Rab1 Qc5 19. g4 g6 20. f5 exf5 21. gxf5 Kg7 22. fxg6 h6 23. Rxf6 Rxf6 24. Ng3 Rf8 25. Nh5+ Kg8 26. Nf6+ Kg7 27. Ncxd5 Be6 28. Nh5+ Kg8 29. Ndf6+ Rxf6 30. Nxf6+ Kg7 31. Rf1 Ne5 32. Ne4 Qd5 33. Qf6+ Kg8 34. g7 Nf7 35. Qf3 Qe5 36. Rg1 Ng5 37. Nxg5 hxg5 38. Be4 Kxg7 39. h4 Rh8 40. h5 g4 41. Rxg4+ Bxg4 42. Qxg4+ Kf6 43. Qg6+ Ke7 44. h6 Rxh6+ 45. Qxh6 Qxe4+ 46. Kg1 Qxc2 47. Qg7+ Kd6 48. Qxb7 Qxa4 49. Qb8+ Kc5 50. Qe5+ Kb4 51. Qd6+ Kb3 52. Qd1+ 1/2-1/2

[Event "Medellin Easter op"]
[Site "Medellin"]
[Date "2010.03.31"]
[Round "1"]
[White "Cordoba Rodriguez, Milton Dennis"]
[Black "Guerrero Sierra, Juan Carlos"]
[Result "0-1"]
[WhiteElo "2044"]
[BlackElo "2193"]
[PlyCount "48"]
[EventDate "2010.03.31"]
[EventType "swiss"]
[EventRounds "9"]
[EventCountry "COL"]
[SourceTitle "CBM 135 Extra"]
[Source "ChessBase"]
[SourceDate "2010.05.04"]
[SourceVersion "1"]
[SourceVersionDate "2010.05.04"]
[SourceQuality "1"]

1. e4 c5 2. Nf3 d6 3. Bb5+ Nc6 4. Bxc6+ bxc6 5. 0-0 Bg4 6. d3 Nf6 7. Bg5 h6 8. Bh4 Rb8 9. b3 g5 10. Bg3 Bg7 11. Nbd2 Nd7 12. Rb1 0-0 13. Qe1 Bc3 14. Qe3 e5 15. Nc4 Qf6 16. h4 d5 17. hxg5 hxg5 18. exd5 Bxf3 19. gxf3 cxd5 20. Nb2 Kg7 21. Kg2 Rh8 22. Na4 Qf5 23. Rh1 Bd4 24. Qe2 c4 0-1